| 000 | 00401nam a22001457a 4500 | ||
|---|---|---|---|
| 020 | _a9789386094209 | ||
| 082 |
_aM803 _bRAT/P |
||
| 245 |
_aPurushothamasmruthi/ _cby Ratheesh Narayanan (ed.) |
||
| 260 |
_aKottayam: _bEttumanoorappan College & Prof. P Padmakumari, _c2016. |
||
| 300 | _a136p. | ||
| 650 | _aMemoirs Malayalam | ||
| 650 | _aLiterature Malayalam | ||
| 650 | _aLiterature | ||
| 942 | _cBK | ||
| 999 |
_c180220 _d180220 |
||